Normal view
MARC view
- الاهلية- فقه اسلامي- جوانب نفسية
Entry Topical Term
001 - CONTROL NUMBER
- control field: 52448
003 - CONTROL NUMBER IDENTIFIER
- control field: JO-AjAnu
005 - DATE AND TIME OF LATEST TRANSACTION
- control field: 20230606082624.0
008 - FIXED-LENGTH DATA ELEMENTS
- fixed length control field: 230606|| aca||aabn | a|a d
040 ## - CATALOGING SOURCE
- Original cataloging agency: JO-AjAnu
- Transcribing agency: JO-AjAnu
150 ## - HEADING--TOPICAL TERM
- Topical term or geographic name entry element: الاهلية- فقه اسلامي- جوانب نفسية
670 ## - SOURCE DATA FOUND
- Source citation: Work cat.: (JO-AjAnu)26801: هلال، هدى محمد حسن, author 52447, نظرية الأهلية : دراسة تحليلية مقارنة بين الفقه وعلم النفس